00441nam a2200145Ia 4500100004100000942000700041654001600048245005100064260003100115082001700146300000800163546001200171999001700183952009500200 aSciavicco/Lorenzo/ Siciliano/Brnuno  cBK aEngineering aModelling & Control of Robot Manipulation bMc Graw HillaLondonc1996 a629.892bSCI a358 aENGLISH c33948d33948 001040708CRCaCRCEbCRCEd2023-03-17l0o629.892 SCIp10118r2023-03-17w2023-03-17yBK